Ekonomike sa darí aj naďalej

Rast hrubého domáceho produktu od prvého kvartálu 1994 do prvého kvartálu 2003. Spotrebiteľské ceny a komodity s najvyšším rastom cien. Vývoj inflácie od roku 1998-2003. Exportné odvetvia a komoditná štruktúra dovozu. Index ekonomickej sily občana (ESO).

Salvato in:
Dettagli Bibliografici
Natura: Capitolo di libro
Lingua:slovacco
Soggetti:
Tags: Aggiungi Tag
Nessun Tag, puoi essere il primo ad aggiungerne!!

MARC

LEADER 00000naa$a2200000$$$4500
001 0002504
005 20230925124119.7
041 0 |a slo 
044 |a SK 
245 1 0 |a Ekonomike sa darí aj naďalej 
520 |a Rast hrubého domáceho produktu od prvého kvartálu 1994 do prvého kvartálu 2003. Spotrebiteľské ceny a komodity s najvyšším rastom cien. Vývoj inflácie od roku 1998-2003. Exportné odvetvia a komoditná štruktúra dovozu. Index ekonomickej sily občana (ESO). 
610 2 0 |a vývoj hospodársky 
610 2 0 |a makroekonomika 
610 2 0 |a produkt domáci hrubý 
610 2 0 |a rast hospodársky 
610 2 0 |a obchod zahraničný 
610 2 0 |a komodity 
610 2 0 |a ceny spotrebiteľské 
610 2 0 |a inflácia 
610 2 0 |a Slovensko